Pleasure in English : (Record no. 8832)
[ view plain ]
| 000 -LEADER | |
|---|---|
| fixed length control field | 00703nam a22002293 4500 |
| 001 - CONTROL NUMBER | |
| JCCL Control Number | 8832 |
| 003 - CONTROL NUMBER IDENTIFIER | |
| JCCL marc code | BD - JhCC |
| 005 - DATE AND TIME OF LATEST TRANSACTION | |
| control field | 20180712121744.0 |
| 008 - FIXED-LENGTH DATA ELEMENTS--GENERAL INFORMATION | |
| fixed length control field | 970522m19659999enk 000 0 eng d |
| 035 ## - SYSTEM CONTROL NUMBER | |
| system control number | (BD - JhCC)8832 |
| 040 ## - CATALOGING SOURCE | |
| Original cataloging agency | EQO |
| Transcribing agency | EQO |
| Modifying agency | BD-JhCC |
| 041 ## - LANGUAGE CODE | |
| Language code of Book | eng |
| 082 ## - DEWEY DECIMAL CLASSIFICATION NUMBER | |
| Author mark and Year | YGL 1965 |
| Classification number | 428 |
| 100 1# - MAIN ENTRY--PERSONAL NAME | |
| Personal name | Yglesias, J. R. C. |
| Fuller form of name | (John Roy Charles), |
| Dates associated with a name | 1914- |
| 245 10 - TITLE STATEMENT | |
| Title | Pleasure in English : |
| Remainder of title | school certificate stage (New Zealand) / |
| Statement of responsibility, etc | [by] J.R.C. Yglesias and M.C. McLaren. |
| 260 ## - PUBLICATION, DISTRIBUTION, ETC. (IMPRINT) | |
| Place of publication, distribution, etc | London [&c.], |
| Date of publication, distribution, etc | 1965- |
| 300 ## - PHYSICAL DESCRIPTION | |
| Pagination | 160 p. |
| Dimensions | 15 cm. |
| 650 ## - SUBJECT ADDED ENTRY--TOPICAL TERM | |
| Topical term or geographic name as entry element | English language--Composition and exercises |
| 700 1# - ADDED ENTRY--PERSONAL NAME | |
| Personal name | McLaren, Margaret |
| Fuller form of name | (Margaret Cameron) |
| 942 ## - ADDED ENTRY ELEMENTS (KOHA) | |
| Source of classification or shelving scheme | Dewey Decimal Classification |
| Koha item type | Books |
| Source of classification or shelving scheme | Damaged status | Not for loan | Home library | Current library | Shelving location | Total Checkouts | Full call number | Barcode | Date last seen | Copy number | Koha item type |
|---|---|---|---|---|---|---|---|---|---|---|---|
| Dewey Decimal Classification | JCC Rouf Library | JCC Rouf Library | General Stacks | 428 YGL 1965 | 11424 | 03/04/2018 | C - 1 | Books |